Normal view
MARC view
Entry Personal Name
001 - CONTROL NUMBER
- control field: 211691
003 - CONTROL NUMBER IDENTIFIER
- control field: MY-SjTCS
005 - DATE AND TIME OF LATEST TRANSACTION
- control field: 20200306154428.0
008 - FIXED-LENGTH DATA ELEMENTS
- fixed length control field: 200306|| aca||aabn | a|a d
040 ## - CATALOGING SOURCE
- Original cataloging agency: MY-SjTCS
- Transcribing agency: MY-SjTCS
100 ## - HEADING--PERSONAL NAME
- Personal name: Tseng, Rose Y.L.
670 ## - SOURCE DATA FOUND
- Source citation: Work cat.: (MY-SjTCS)28569: Chen, Pearl Kong. 16286, Everything you want to know about Chinese cooking /, 1983.